College attainment, Income inequality, and economic security: A simulation exercise (Record no. 515478)

000 -LEADER
fixed length control field 01117nam a22001457a 4500
008 - FIXED-LENGTH DATA ELEMENTS--GENERAL INFORMATION
fixed length control field 210129b ||||| |||| 00| 0 eng d
100 ## - MAIN ENTRY--PERSONAL NAME
Personal name Hershbein, B. et al
245 ## - TITLE STATEMENT
Title College attainment, Income inequality, and economic security: A simulation exercise
260 ## - PUBLICATION, DISTRIBUTION, ETC. (IMPRINT)
Place of publication, distribution, etc AEA Papers and Proceedings
300 ## - PHYSICAL DESCRIPTION
Extent 110, May, 2020: p.352-355
520 ## - SUMMARY, ETC.
Summary, etc We conduct an empirical simulation exercise that gauges the plausible impact of increased rates of college attainment on a variety of measures of income inequality and economic insecurity. Using two different methodological approaches⁠—a distributional approach and a causal parameter approach⁠—we find that increased rates of BA and AA attainment would meaningfully increase economic security for lower income individuals and shrink gaps between the 90th percentile and lower percentiles. Increases in college attainment would not significantly reduce inequality at the very top of the distribution, as measured by the 99/90 earnings ratio. – Reproduced
773 ## - HOST ITEM ENTRY
Main entry heading AEA Papers and Proceedings
906 ## - LOCAL DATA ELEMENT F, LDF (RLIN)
Subject DIP HIGHER EDUCATION
942 ## - ADDED ENTRY ELEMENTS (KOHA)
Item type Articles
Holdings
Withdrawn status Lost status Source of classification or shelving scheme Damaged status Not for loan Permanent location Current location Date acquired Serial Enumeration / chronology Barcode Date last seen Koha item type
          Indian Institute of Public Administration Indian Institute of Public Administration 2021-01-29 110, May, 2020: p.352-355 AR123963 2021-01-29 Articles

Powered by Koha